| 000 | 00419nam a2200157Ia 4500 | ||
|---|---|---|---|
| 008 | 160316s2000 xxu||||| |||| 00| 0 eng d | ||
| 082 |
_a300.720000 _bPUN |
||
| 100 | _aPunch Keith F | ||
| 245 | _aDeveloping effective research proposals | ||
| 250 | _a | ||
| 260 |
_aLondon _bSage Publications _c2000 |
||
| 300 |
_a125p _b _cx |
||
| 365 | _bRs.1,043.30 | ||
| 650 | _a1. Social Science - Research Methods | ||
| 700 |
_a _a |
||
| 999 |
_c16103 _d16103 |
||